[Event "Mitropa Cup (Women) 7th"]
[Site "Chur"]
[Date "2010.06.04"]
[Round "7"]
[White "Mrvova, Alena"]
[Black "Krivec, Jana"]
[Result "0-1"]
[WhiteElo "2298"]
[BlackElo "2340"]
[PlyCount "62"]
[EventDate "2010.05.29"]
[EventType "team-tourn"]
[EventRounds "9"]
[EventCountry "SUI"]
[Source "ChessBase"]
[SourceDate "2010.07.02"]
[WhiteTeam "Slovakia (W)"]
[BlackTeam "Slovenia (W)"]
[WhiteTeamCountry "SVK"]
[BlackTeamCountry "SLO"]

1. e4 e5 2. Nf3 Nc6 3. Bb5 a6 4. Ba4 d6 5. c3 Bd7 6. O-O g6 7. d4 Bg7 8. dxe5
dxe5 9. Qe2 Qe7 10. b4 b5 11. Bb3 Nf6 12. Ng5 O-O 13. h3 Nh5 14. Nf3 Nd8 15.
Bg5 Qe8 16. Be3 Ne6 17. g3 Kh8 18. Kh2 f5 19. exf5 gxf5 20. Bd2 e4 21. Nh4 f4
22. g4 Ng5 23. gxh5 f3 24. Qe3 Nxh3 25. Qc5 Be5+ 26. Kh1 Qxh5 27. c4 Rf5 28.
Qe7 Ng5 29. Qxe5+ Rxe5 30. Bf4 Qxh4+ 31. Bh2 Nf7 0-1

[Event "Mitropa Cup (Women) 7th"]
[Site "Chur"]
[Date "2010.06.04"]
[Round "7"]
[White "Rozic, Vesna"]
[Black "Machalova, Veronika"]
[Result "1/2-1/2"]
[WhiteElo "2271"]
[BlackElo "2214"]
[PlyCount "87"]
[EventDate "2010.05.29"]
[EventType "team-tourn"]
[EventRounds "9"]
[EventCountry "SUI"]
[Source "ChessBase"]
[SourceDate "2010.07.02"]
[WhiteTeam "Slovenia (W)"]
[BlackTeam "Slovakia (W)"]
[WhiteTeamCountry "SLO"]
[BlackTeamCountry "SVK"]

1. d4 Nf6 2. Nf3 d6 3. e3 Nbd7 4. c4 e5 5. Nc3 c6 6. g3 Be7 7. Bg2 O-O 8. O-O
Re8 9. a3 a5 10. Rb1 Qc7 11. b4 axb4 12. axb4 Nb6 13. c5 Nbd5 14. Nxd5 Nxd5 15.
Qc2 exd4 16. Nxd4 Nxb4 17. Rxb4 dxc5 18. Rb1 cxd4 19. exd4 Bd6 20. Bd2 Bd7 21.
Rfc1 Rec8 22. Bb4 Bxb4 23. Rxb4 Rab8 24. h4 g6 25. h5 Qd6 26. Qb2 Rc7 27. Rb6
Be6 28. d5 Bxd5 29. h6 f6 30. Rd1 Qe5 31. Bxd5+ cxd5 32. Qb3 Rc3 33. Qxd5+ Qxd5
34. Rxd5 Rc6 35. Rxc6 bxc6 36. Rd7 Rc8 37. Rg7+ Kh8 38. Kf1 c5 39. Ke2 c4 40.
Kd2 c3+ 41. Kc2 f5 42. Rf7 Kg8 43. Rg7+ Kh8 44. Rf7 1/2-1/2

[Event "Mitropa Cup (Women) 7th"]
[Site "Chur"]
[Date "2010.06.05"]
[Round "8"]
[White "Havlikova, Kristyna"]
[Black "Kopinits, Anna Christina"]
[Result "0-1"]
[WhiteElo "2251"]
[BlackElo "2158"]
[PlyCount "76"]
[EventDate "2010.05.29"]
[EventType "team-tourn"]
[EventRounds "9"]
[EventCountry "SUI"]
[Source "ChessBase"]
[SourceDate "2010.07.02"]
[WhiteTeam "Czech Republic (W)"]
[BlackTeam "Austria (W)"]
[WhiteTeamCountry "CZE"]
[BlackTeamCountry "AUT"]

1. e4 c5 2. Nf3 d6 3. d4 cxd4 4. Nxd4 Nf6 5. Nc3 Nc6 6. Bc4 e6 7. Be3 a6 8. Qe2
Qc7 9. a3 Be7 10. Ba2 b5 11. O-O O-O 12. f4 Nxd4 13. Bxd4 e5 14. Be3 Be6 15. f5
Bxa2 16. Rxa2 Rac8 17. Bg5 Qc4 18. Qxc4 Rxc4 19. Rd1 Rd4 20. Raa1 Re8 21. Bxf6
Bxf6 22. Kf1 g6 23. g4 Kg7 24. Re1 Rc8 25. Re2 Rcc4 26. h3 Bd8 27. Rd1 Rxd1+
28. Nxd1 Ba5 29. c3 Bb6 30. Kg2 h5 31. b3 Rc6 32. Kf3 hxg4+ 33. hxg4 gxf5 34.
gxf5 Kf6 35. Ra2 Rc8 36. a4 bxa4 37. Rxa4 a5 38. Ra2 Rh8 0-1

[Event "Mitropa Cup (Women) 7th"]
[Site "Chur"]
[Date "2010.06.05"]
[Round "8"]
[White "Schink, Barbara"]
[Black "Olsarova, Karolina"]
[Result "1/2-1/2"]
[WhiteElo "2063"]
[BlackElo "2191"]
[PlyCount "88"]
[EventDate "2010.05.29"]
[EventType "team-tourn"]
[EventRounds "9"]
[EventCountry "SUI"]
[Source "ChessBase"]
[SourceDate "2010.07.02"]
[WhiteTeam "Austria (W)"]
[BlackTeam "Czech Republic (W)"]
[WhiteTeamCountry "AUT"]
[BlackTeamCountry "CZE"]

1. e4 e5 2. Nf3 Nc6 3. Bc4 Nf6 4. d3 Bc5 5. c3 d6 6. O-O Bb6 7. h3 Ne7 8. Re1
Ng6 9. Nbd2 O-O 10. Bb3 c6 11. Nf1 Be6 12. Ng3 h6 13. d4 Bxb3 14. Qxb3 Re8 15.
Qc2 Qc7 16. Be3 d5 17. dxe5 Nxe5 18. Nxe5 Qxe5 19. Bxb6 axb6 20. Re2 Nxe4 21.
Nxe4 dxe4 22. Rae1 f5 23. Qb3+ Qd5 24. Qxb6 c5 25. b3 Re7 26. c4 Qd4 27. Qg6
Rf8 28. Kh1 Rf6 29. Qh5 Kh7 30. Qh4 g5 31. Qh5 Kg7 32. Rc2 Rd6 33. Qe2 f4 34.
Rcc1 Qd2 35. Rc2 Qd3 36. Qxd3 Rxd3 37. Rce2 e3 38. fxe3 fxe3 39. g4 Kf6 40. Kg2
Re4 41. Kf3 Rf4+ 42. Kg3 Re4 43. Kf3 Rf4+ 44. Kg3 Re4 1/2-1/2

[Event "Mitropa Cup (Women) 7th"]
[Site "Chur"]
[Date "2010.06.05"]
[Round "8"]
[White "Franciskovic, Borka"]
[Black "Rozic, Vesna"]
[Result "1/2-1/2"]
[WhiteElo "2261"]
[BlackElo "2271"]
[PlyCount "46"]
[EventDate "2010.05.29"]
[EventType "team-tourn"]
[EventRounds "9"]
[EventCountry "SUI"]
[Source "ChessBase"]
[SourceDate "2010.07.02"]
[WhiteTeam "Croatia (W)"]
[BlackTeam "Slovenia (W)"]
[WhiteTeamCountry "CRO"]
[BlackTeamCountry "SLO"]

1. Nf3 e6 2. g3 b5 3. Bg2 Bb7 4. d4 Nf6 5. O-O Be7 6. b3 b4 7. a3 a5 8. c3 bxc3
9. Nxc3 c5 10. dxc5 Na6 11. Be3 Nxc5 12. b4 axb4 13. axb4 Nce4 14. Nxe4 Bxe4
15. Qb3 O-O 16. Nd4 Bxg2 17. Kxg2 Nd5 18. b5 Bf6 19. Rxa8 Qxa8 20. Nf3 Nxe3+
21. Qxe3 Rb8 22. Qb3 Qb7 23. Rb1 g6 1/2-1/2

[Event "Mitropa Cup (Women) 7th"]
[Site "Chur"]
[Date "2010.06.05"]
[Round "8"]
[White "Krivec, Jana"]
[Black "Medic, Mirjana"]
[Result "1/2-1/2"]
[WhiteElo "2340"]
[BlackElo "2271"]
[PlyCount "82"]
[EventDate "2010.05.29"]
[EventType "team-tourn"]
[EventRounds "9"]
[EventCountry "SUI"]
[Source "ChessBase"]
[SourceDate "2010.07.02"]
[WhiteTeam "Slovenia (W)"]
[BlackTeam "Croatia (W)"]
[WhiteTeamCountry "SLO"]
[BlackTeamCountry "CRO"]

1. e4 e6 2. d4 d5 3. Nd2 c5 4. Ngf3 Nc6 5. dxc5 Bxc5 6. Bd3 Nf6 7. Qe2 O-O 8.
O-O Nb4 9. Nb3 Nxd3 10. cxd3 Be7 11. Bg5 Bd7 12. e5 Ne8 13. Bxe7 Qxe7 14. Rac1
b6 15. Nbd4 Rc8 16. Rxc8 Bxc8 17. Rc1 Bd7 18. Nc6 Bxc6 19. Rxc6 Nc7 20. Qc2 Na6
21. a3 h6 22. b4 Rd8 23. Nd4 Kh7 24. g3 Rd7 25. Nb5 Qg5 26. Qa4 Nb8 27. f4 Qh5
28. Rc8 Qe2 29. Qc2 Qe3+ 30. Kg2 Na6 31. d4+ g6 32. Nd6 Rc7 33. Rxc7 Nxc7 34.
Nxf7 Nb5 35. Nd6 Nc3 36. Qf2 Qc1 37. g4 Ne4 38. Nxe4 dxe4 39. f5 gxf5 40. gxf5
Qg5+ 41. Qg3 exf5 1/2-1/2

[Event "Mitropa Cup (Women) 7th"]
[Site "Chur"]
[Date "2010.06.05"]
[Round "8"]
[White "Flear, Christine"]
[Black "Machalova, Veronika"]
[Result "0-1"]
[WhiteElo "2170"]
[BlackElo "2214"]
[PlyCount "54"]
[EventDate "2010.05.29"]
[EventType "team-tourn"]
[EventRounds "9"]
[EventCountry "SUI"]
[Source "ChessBase"]
[SourceDate "2010.07.02"]
[WhiteTeam "France (W)"]
[BlackTeam "Slovakia (W)"]
[WhiteTeamCountry "FRA"]
[BlackTeamCountry "SVK"]

1. d4 Nf6 2. c4 d6 3. Nf3 Nbd7 4. Nc3 e5 5. e3 Be7 6. Qc2 O-O 7. Be2 c6 8. O-O
Re8 9. b3 Qc7 10. Bb2 Bf8 11. Rac1 g6 12. Rfd1 Nh5 13. dxe5 dxe5 14. a3 f5 15.
b4 Nhf6 16. c5 e4 17. Bc4+ Kg7 18. Rxd7+ Bxd7 19. Ng5 h6 20. Ncxe4 fxe4 21.
Nxe4 Be7 22. Nxf6 Bxf6 23. Bxf6+ Kxf6 24. Rd1 Bf5 25. Qc3+ Qe5 26. Rd6+ Kg7 27.
Qd2 a5 0-1

[Event "Mitropa Cup (Women) 7th"]
[Site "Chur"]
[Date "2010.06.05"]
[Round "8"]
[White "Mrvova, Alena"]
[Black "Maisuradze, Nino"]
[Result "0-1"]
[WhiteElo "2298"]
[BlackElo "2250"]
[PlyCount "72"]
[EventDate "2010.05.29"]
[EventType "team-tourn"]
[EventRounds "9"]
[EventCountry "SUI"]
[Source "ChessBase"]
[SourceDate "2010.07.02"]
[WhiteTeam "Slovakia (W)"]
[BlackTeam "France (W)"]
[WhiteTeamCountry "SVK"]
[BlackTeamCountry "FRA"]

1. e4 c5 2. Nf3 Nc6 3. d4 cxd4 4. Nxd4 Nf6 5. Nc3 d6 6. Bg5 e6 7. Qd2 Be7 8.
O-O-O a6 9. Bxf6 gxf6 10. f4 Bd7 11. Be2 Qb6 12. Nb3 Na5 13. Kb1 Nxb3 14. cxb3
O-O-O 15. Bh5 Rhf8 16. f5 Kb8 17. Rhf1 Qc5 18. g4 Qe5 19. h4 Bc6 20. Rde1 b5
21. b4 a5 22. Qe3 axb4 23. Qb6+ Bb7 24. Nxb5 Qc5 25. Qa5 Rc8 26. a4 Bd8 27.
Qa7+ Qxa7 28. Nxa7 Kxa7 29. g5 Rc4 30. Rf4 fxg5 31. Rg4 exf5 32. exf5 Rxg4 33.
Bxg4 gxh4 34. Kc2 Rg8 35. Bh5 h3 36. Bxf7 Rf8 0-1

[Event "Mitropa Cup (Women) 7th"]
[Site "Chur"]
[Date "2010.06.05"]
[Round "8"]
[White "Fuchs, Judith"]
[Black "Heinatz, Gundula"]
[Result "1-0"]
[WhiteElo "2231"]
[BlackElo "2220"]
[PlyCount "55"]
[EventDate "2010.05.29"]
[EventType "team-tourn"]
[EventRounds "9"]
[EventCountry "SUI"]
[Source "ChessBase"]
[SourceDate "2010.07.02"]
[WhiteTeam "Germany (W)"]
[BlackTeam "Switzerland (W)"]
[WhiteTeamCountry "GER"]
[BlackTeamCountry "SUI"]

1. e4 c5 2. Nf3 Nc6 3. d4 cxd4 4. Nxd4 Nf6 5. Nc3 g6 6. Be3 Bg7 7. Bc4 O-O 8.
Bb3 Qa5 9. O-O d6 10. h3 Bd7 11. Re1 Rac8 12. f4 Nxd4 13. Bxd4 e5 14. fxe5 dxe5
15. Be3 Rxc3 16. bxc3 Bc6 17. Qd6 Nxe4 18. Qb4 Qxb4 19. cxb4 Nc3 20. Bxa7 Rd8
21. Be3 Kf8 22. a4 f5 23. b5 Bd5 24. Rad1 Ke8 25. Bxd5 Nxd5 26. Bd4 Nf4 27.
Bxe5 Ne2+ 28. Kf2 1-0

[Event "Mitropa Cup (Women) 7th"]
[Site "Chur"]
[Date "2010.06.05"]
[Round "8"]
[White "Seps, Monika"]
[Black "Hoolt, Sarah"]
[Result "1-0"]
[WhiteElo "2181"]
[BlackElo "2223"]
[PlyCount "75"]
[EventDate "2010.05.29"]
[EventType "team-tourn"]
[EventRounds "9"]
[EventCountry "SUI"]
[Source "ChessBase"]
[SourceDate "2010.07.02"]
[WhiteTeam "Switzerland (W)"]
[BlackTeam "Germany (W)"]
[WhiteTeamCountry "SUI"]
[BlackTeamCountry "GER"]

1. e4 c5 2. b4 e5 3. Nf3 Qc7 4. Nc3 Nf6 5. b5 d6 6. Bc4 Be7 7. O-O Nbd7 8. d3
Nb6 9. Bg5 h5 10. Bxf6 Bxf6 11. Nd5 Nxd5 12. Bxd5 g5 13. Nd2 g4 14. Nc4 Qe7 15.
a4 Kf8 16. f4 exf4 17. Rxf4 Be6 18. Bxe6 Qxe6 19. Rb1 Rh6 20. Qf1 Kg7 21. Kh1
Bd4 22. Rf5 f6 23. Rc1 Rd8 24. c3 Be5 25. Ne3 d5 26. exd5 Qe8 27. Rf2 Rg6 28.
d4 cxd4 29. cxd4 Bd6 30. Nf5+ Kf7 31. Re1 Qd7 32. Re6 Bf8 33. Nh4 Qxd5 34.
Rfxf6+ Rxf6 35. Qxf6+ Kg8 36. Re5 Bg7 37. Rg5 Qxd4 38. Rxg7+ 1-0

[Event "Mitropa Cup (Women) 7th"]
[Site "Chur"]
[Date "2010.06.06"]
[Round "9"]
[White "Hoolt, Sarah"]
[Black "Exler, Veronika"]
[Result "1-0"]
[WhiteElo "2223"]
[BlackElo "2119"]
[PlyCount "109"]
[EventDate "2010.05.29"]
[EventType "team-tourn"]
[EventRounds "9"]
[EventCountry "SUI"]
[Source "ChessBase"]
[SourceDate "2010.07.02"]
[WhiteTeam "Germany (W)"]
[BlackTeam "Austria (W)"]
[WhiteTeamCountry "GER"]
[BlackTeamCountry "AUT"]

1. e4 c6 2. Nf3 d5 3. exd5 cxd5 4. Ne5 Nf6 5. d4 e6 6. c3 Bd6 7. Bd3 Nc6 8. Qe2
Qc7 9. Nxc6 bxc6 10. g3 a5 11. O-O Qb6 12. b3 Ba6 13. c4 Qxd4 14. Bb2 Qa7 15.
Na3 Be7 16. cxd5 Bxd3 17. Qxd3 cxd5 18. Nb5 Qb8 19. Rac1 O-O 20. Rc7 Bd6 21.
Rc6 Be5 22. Bc1 Qb7 23. Rc2 Rac8 24. Rxc8 Rxc8 25. Be3 Ne4 26. Rc1 Rxc1+ 27.
Bxc1 Nd6 28. Nxd6 Bxd6 29. a4 Bc5 30. Qc3 Qb4 31. Qc2 f6 32. Bd2 Qb6 33. Be1 d4
34. Qe4 Qa6 35. Qf4 e5 36. Qe4 Bb6 37. Qd5+ Kh8 38. Bd2 h6 39. h4 Qa7 40. Qe6
Qb8 41. Bxh6 Qd8 42. Bd2 d3 43. h5 Bc5 44. Qf7 Bb4 45. h6 Bf8 46. Bxa5 d2 47.
Bxd2 gxh6 48. Be3 Bg7 49. Qh5 Kh7 50. b4 Qd3 51. b5 Qb1+ 52. Kh2 Qb4 53. Qf5+
Kh8 54. b6 Qxa4 55. b7 1-0

[Event "Mitropa Cup (Women) 7th"]
[Site "Chur"]
[Date "2010.06.06"]
[Round "9"]
[White "Kopinits, Anna Christina"]
[Black "Fuchs, Judith"]
[Result "0-1"]
[WhiteElo "2158"]
[BlackElo "2231"]
[PlyCount "94"]
[EventDate "2010.05.29"]
[EventType "team-tourn"]
[EventRounds "9"]
[EventCountry "SUI"]
[Source "ChessBase"]
[SourceDate "2010.07.02"]
[WhiteTeam "Austria (W)"]
[BlackTeam "Germany (W)"]
[WhiteTeamCountry "AUT"]
[BlackTeamCountry "GER"]

1. e4 c5 2. Nf3 Nc6 3. d4 cxd4 4. Nxd4 Nf6 5. Nc3 d6 6. Be2 e5 7. Nf3 h6 8. O-O
Be7 9. Re1 O-O 10. h3 a6 11. Bf1 Qc7 12. b3 Nd4 13. Bb2 Nxf3+ 14. Qxf3 Be6 15.
a4 Rfd8 16. Bd3 Rac8 17. a5 Re8 18. Qe2 Qc5 19. Qe3 Qc6 20. Nd1 d5 21. exd5
Bxd5 22. Bf5 Rcd8 23. Qg3 Bd6 24. c4 Be4 25. Ne3 Bc7 26. Qh4 Rd2 27. Bc3 Rd3
28. Bxe4 Nxe4 29. Nd5 Nxc3 30. Nb4 Qd6 31. Nxd3 Qxd3 32. Re3 Qc2 33. Qg4 Rd8
34. b4 Qb2 35. Rae1 Qxb4 36. Rg3 g6 37. Qf5 Kg7 38. Qc2 Bxa5 39. Ra1 Qxc4 40.
Re3 Bb4 41. Rxe5 Qd4 42. Ree1 a5 43. Kh1 b5 44. f3 a4 45. Rec1 a3 46. Qb3 a2
47. Rc2 Qd1+ 0-1

[Event "Mitropa Cup (Women) 7th"]
[Site "Chur"]
[Date "2010.06.06"]
[Round "9"]
[White "Medic, Mirjana"]
[Black "Havlikova, Kristyna"]
[Result "1/2-1/2"]
[WhiteElo "2271"]
[BlackElo "2251"]
[PlyCount "93"]
[EventDate "2010.05.29"]
[EventType "team-tourn"]
[EventRounds "9"]
[EventCountry "SUI"]
[Source "ChessBase"]
[SourceDate "2010.07.02"]
[WhiteTeam "Croatia (W)"]
[BlackTeam "Czech Republic (W)"]
[WhiteTeamCountry "CRO"]
[BlackTeamCountry "CZE"]

1. d4 Nf6 2. c4 g6 3. g3 Bg7 4. Bg2 d5 5. cxd5 Nxd5 6. Nf3 Nb6 7. O-O Nc6 8. e3
O-O 9. Nc3 Re8 10. Re1 a5 11. Qe2 a4 12. Rb1 e5 13. dxe5 Nxe5 14. Nxe5 Bxe5 15.
Rd1 Qe7 16. Bd2 c6 17. e4 Be6 18. f4 Bd4+ 19. Be3 Bg4 20. Qxg4 Bxe3+ 21. Kh1 f6
22. Rd3 Bc5 23. Rbd1 Rad8 24. h4 Rxd3 25. Rxd3 Rd8 26. Qd1 Rxd3 27. Qxd3 Qd6
28. Qxd6 Bxd6 29. Bf1 a3 30. bxa3 Bxa3 31. Kg2 Kf7 32. Kf3 Ke6 33. g4 Bb4 34.
Nd1 Bc5 35. g5 Ke7 36. Bd3 Bd4 37. Ne3 Kf7 38. Bc2 Kg7 39. Ng4 Nd7 40. gxf6+
Nxf6 41. Nxf6 Bxf6 42. h5 Bb2 43. Kg4 Ba3 44. e5 Be7 45. Be4 Kf7 46. f5 gxf5+
47. Kxf5 1/2-1/2

[Event "Mitropa Cup (Women) 7th"]
[Site "Chur"]
[Date "2010.06.06"]
[Round "9"]
[White "Olsarova, Karolina"]
[Black "Franciskovic, Borka"]
[Result "1/2-1/2"]
[WhiteElo "2191"]
[BlackElo "2261"]
[PlyCount "175"]
[EventDate "2010.05.29"]
[EventType "team-tourn"]
[EventRounds "9"]
[EventCountry "SUI"]
[Source "ChessBase"]
[SourceDate "2010.07.02"]
[WhiteTeam "Czech Republic (W)"]
[BlackTeam "Croatia (W)"]
[WhiteTeamCountry "CZE"]
[BlackTeamCountry "CRO"]

1. e4 c6 2. d4 d5 3. e5 Bf5 4. h4 h5 5. c4 e6 6. Nc3 Be7 7. g3 dxc4 8. Bxc4 Nd7
9. Be2 Qb6 10. Nf3 Bg4 11. O-O Nh6 12. Bxh6 Rxh6 13. Qb3 O-O-O 14. Rfd1 Qxb3
15. axb3 Kb8 16. Kg2 Nb6 17. Rd2 f6 18. Rad1 Nd5 19. Ng1 Bf5 20. Bd3 Bxd3 21.
Rxd3 Rg6 22. Kh2 Nb4 23. R3d2 f5 24. Nh3 Rh6 25. f4 Rhh8 26. Kg2 Nd5 27. Kf3
Rd7 28. Nf2 Rhd8 29. Nd3 Nb4 30. Nc1 Bc5 31. N1e2 Kc7 32. Na4 Be7 33. Nac3 a6
34. Ke3 Kb8 35. Na4 Kc7 36. Nac3 Bf8 37. Na4 b5 38. Nac3 Kb7 39. Nb1 Be7 40.
Kf3 Bf8 41. Ke3 c5 42. Kf3 Nc6 43. dxc5 Rxd2 44. Rxd2 Rxd2 45. Nxd2 Bxc5 46.
Kg2 Kc7 47. Nf3 Kd7 48. Kf1 Be3 49. Ke1 Nb4 50. Kd1 Nd3 51. Kc2 Nc5 52. Ng5 Bf2
53. Nh3 Be3 54. Ng5 Bf2 55. Nh3 Be1 56. Kd1 Ba5 57. Ng5 Nxb3 58. Kc2 Nc5 59.
Nd4 Be1 60. Kd1 Bxg3 61. b4 Nd3 62. Ndxe6 Bxf4 63. Nxg7 Nxe5 64. Nxh5 Bxg5 65.
hxg5 Ke7 66. Nf4 Nc6 67. Nd3 Kf7 68. Kc2 Kg6 69. Kc3 Kxg5 70. Nc5 Kf4 71. Nxa6
Ke4 72. Nc7 Nd4 73. Ne8 Ke5 74. Kd3 Nc6 75. Nc7 Nd4 76. Ne8 Ne6 77. Kc3 Nf4 78.
Kc2 Nd5 79. Kd2 f4 80. Ke2 Nc3+ 81. Kf3 Ne4 82. Nc7 Nd6 83. Kg4 Ke4 84. Ne6 Nf5
85. Ng5+ Ke5 86. Nf3+ Ke4 87. Ng5+ Ke5 88. Nf3+ 1/2-1/2

[Event "Mitropa Cup (Women) 7th"]
[Site "Chur"]
[Date "2010.06.06"]
[Round "9"]
[White "Rozic, Vesna"]
[Black "Flear, Christine"]
[Result "1-0"]
[WhiteElo "2271"]
[BlackElo "2170"]
[PlyCount "141"]
[EventDate "2010.05.29"]
[EventType "team-tourn"]
[EventRounds "9"]
[EventCountry "SUI"]
[Source "ChessBase"]
[SourceDate "2010.07.02"]
[WhiteTeam "Slovenia (W)"]
[BlackTeam "France (W)"]
[WhiteTeamCountry "SLO"]
[BlackTeamCountry "FRA"]

1. d4 Nf6 2. Nf3 g6 3. Bg5 Bg7 4. Nbd2 d6 5. c3 c5 6. dxc5 dxc5 7. e4 Nc6 8.
Be2 O-O 9. O-O h6 10. Bh4 Be6 11. Qc2 Nh5 12. Rfe1 g5 13. Bg3 Nxg3 14. hxg3 Qc7
15. Nf1 Rfd8 16. Ne3 Rd7 17. Nf5 Rad8 18. Nxg7 Kxg7 19. Red1 Bg4 20. Rxd7 Rxd7
21. Rd1 Qd8 22. Rxd7 Qxd7 23. Qc1 Bxf3 24. gxf3 Qe6 25. b3 b6 26. Qe3 Qf6 27.
Kg2 Kf8 28. Qd2 Qd6 29. Qe3 Ne5 30. f4 gxf4 31. Qxf4 Qe6 32. Qe3 Kg7 33. f4 Ng4
34. Qf3 h5 35. Qd3 a5 36. Bf3 a4 37. c4 axb3 38. axb3 Qg6 39. Qe2 e6 40. e5 Kf8
41. Be4 Qh6 42. Qd2 Kg7 43. Qd8 Ne3+ 44. Kf3 Nf5 45. Qxb6 Qg6 46. Bxf5 Qxf5 47.
Qxc5 Qd3+ 48. Qe3 Qf1+ 49. Ke4 Qb1+ 50. Qd3 Qe1+ 51. Kf3 Qh1+ 52. Kf2 Qh2+ 53.
Ke1 Qg1+ 54. Ke2 Qg2+ 55. Kd1 Qg1+ 56. Kc2 Qf2+ 57. Kc3 Qe1+ 58. Kb2 Qf2+ 59.
Ka3 Qa7+ 60. Kb4 Qb6+ 61. Kc3 Qa5+ 62. Kb2 Qe1 63. c5 Qf2+ 64. Qc2 Qd4+ 65. Qc3
Qf2+ 66. Ka3 Qe2 67. b4 Qa6+ 68. Kb3 Qf1 69. c6 Qg2 70. c7 Qd5+ 71. Kb2 1-0

[Event "Mitropa Cup (Women) 7th"]
[Site "Chur"]
[Date "2010.06.06"]
[Round "9"]
[White "Machalova, Veronika"]
[Black "Papp, Petra"]
[Result "1/2-1/2"]
[WhiteElo "2214"]
[BlackElo "2270"]
[PlyCount "59"]
[EventDate "2010.05.29"]
[EventType "team-tourn"]
[EventRounds "9"]
[EventCountry "SUI"]
[Source "ChessBase"]
[SourceDate "2010.07.02"]
[WhiteTeam "Slovakia (W)"]
[BlackTeam "Hungary (W)"]
[WhiteTeamCountry "SVK"]
[BlackTeamCountry "HUN"]

1. e4 c5 2. d3 Nc6 3. Nf3 d6 4. g3 e5 5. Bg2 g6 6. O-O Bg7 7. c3 Nge7 8. Be3
O-O 9. Nh4 Be6 10. f4 exf4 11. gxf4 f5 12. Nd2 Rb8 13. Qe2 Qd7 14. Ndf3 h6 15.
Qf2 Kh7 16. Qg3 b5 17. exf5 Bxf5 18. Nxf5 Nxf5 19. Qh3 Nce7 20. Bd2 Kg8 21.
Rae1 Rbd8 22. Re2 Rfe8 23. Rfe1 Nc8 24. Nh4 Rxe2 25. Rxe2 Nce7 26. Nxf5 Nxf5
27. Bd5+ Kh7 28. Qg4 Nd4 29. Rg2 Qxg4 30. Rxg4 1/2-1/2

[Event "Mitropa Cup (Women) 7th"]
[Site "Chur"]
[Date "2010.06.06"]
[Round "9"]
[White "Rudolf, Anna"]
[Black "Mrvova, Alena"]
[Result "1-0"]
[WhiteElo "2344"]
[BlackElo "2298"]
[PlyCount "71"]
[EventDate "2010.05.29"]
[EventType "team-tourn"]
[EventRounds "9"]
[EventCountry "SUI"]
[Source "ChessBase"]
[SourceDate "2010.07.02"]
[WhiteTeam "Hungary (W)"]
[BlackTeam "Slovakia (W)"]
[WhiteTeamCountry "HUN"]
[BlackTeamCountry "SVK"]

1. e4 c5 2. Nf3 Nc6 3. d4 cxd4 4. Nxd4 Nf6 5. Nc3 d6 6. Bc4 e6 7. O-O Be7 8.
Be3 a6 9. a4 O-O 10. Qe2 d5 11. Rfd1 Na5 12. Ba2 Qc7 13. exd5 e5 14. d6 Bxd6
15. Ndb5 axb5 16. Nxb5 Qe7 17. Nxd6 e4 18. Bg5 Ra6 19. Bxf6 Qxf6 20. Nxc8 Rxc8
21. Qxe4 g6 22. b4 Rac6 23. bxa5 Rxc2 24. Qf3 Qe7 25. g3 R8c6 26. Qd3 Rc8 27.
Bd5 Qc5 28. Qd4 Qxa5 29. Rab1 R2c7 30. Bxb7 Re8 31. Kg2 Qf5 32. Rb5 Qc2 33. a5
Rc4 34. Qd3 Qa4 35. Rd5 Rc7 36. a6 1-0

[Event "Mitropa Cup (Women) 7th"]
[Site "Chur"]
[Date "2010.06.06"]
[Round "9"]
[White "Brunello, Marina"]
[Black "De Seroux, Camille"]
[Result "1-0"]
[WhiteElo "2218"]
[BlackElo "2028"]
[PlyCount "73"]
[EventDate "2010.05.29"]
[EventType "team-tourn"]
[EventRounds "9"]
[EventCountry "SUI"]
[Source "ChessBase"]
[SourceDate "2010.07.02"]
[WhiteTeam "Italy (W)"]
[BlackTeam "Switzerland (W)"]
[WhiteTeamCountry "ITA"]
[BlackTeamCountry "SUI"]

1. e4 e5 2. Nf3 Nc6 3. d4 exd4 4. Nxd4 Bc5 5. Be3 Qf6 6. c3 Nge7 7. Bc4 Ne5 8.
Be2 Qg6 9. O-O d6 10. f4 Qxe4 11. Bf2 Bxd4 12. cxd4 N5g6 13. g3 Bh3 14. Bf3 Qf5
15. Re1 d5 16. Nc3 c6 17. Na4 O-O 18. Nc5 Rab8 19. Rc1 Rfd8 20. Rc3 Qf6 21. Bh1
b6 22. Na6 Rbc8 23. Nb4 Be6 24. Nd3 Nf5 25. g4 Nd6 26. f5 Bxf5 27. gxf5 Nxf5
28. Ne5 Nf4 29. Qg4 Nh6 30. Qf3 Qg5+ 31. Bg3 Nh3+ 32. Kg2 Rd6 33. Kxh3 Nf5 34.
Qg4 Rh6+ 35. Kg2 Qd2+ 36. Re2 Qd1 37. Rd3 1-0

[Event "Mitropa Cup (Women) 7th"]
[Site "Chur"]
[Date "2010.06.06"]
[Round "9"]
[White "Seps, Monika"]
[Black "Sedina, Elena"]
[Result "1-0"]
[WhiteElo "2181"]
[BlackElo "2342"]
[PlyCount "135"]
[EventDate "2010.05.29"]
[EventType "team-tourn"]
[EventRounds "9"]
[EventCountry "SUI"]
[Source "ChessBase"]
[SourceDate "2010.07.02"]
[WhiteTeam "Switzerland (W)"]
[BlackTeam "Italy (W)"]
[WhiteTeamCountry "SUI"]
[BlackTeamCountry "ITA"]

1. e4 e6 2. Nf3 d5 3. e5 c5 4. b4 cxb4 5. a3 Nc6 6. d4 Nh6 7. h4 Bd7 8. axb4
Nxb4 9. c3 Nc6 10. Bd3 Be7 11. Nbd2 b5 12. Nf1 Nf5 13. g4 Nxh4 14. Rxh4 Bxh4
15. g5 b4 16. Nxh4 bxc3 17. Nf3 Qb6 18. Rb1 Nb4 19. Ba3 Nxd3+ 20. Qxd3 Qa5 21.
Bb4 Qa2 22. Bxc3 Rc8 23. Rc1 a6 24. Ng3 O-O 25. Nh5 Bb5 26. Qe3 Qc4 27. Nd2 Qd3
28. Qxd3 Bxd3 29. Nf4 Bf5 30. Nb3 Rc4 31. Ne2 Rb8 32. Nc5 Rb6 33. Kd2 Rb1 34.
Rxb1 Bxb1 35. Nc1 a5 36. N1b3 a4 37. Na5 Rxc3 38. Kxc3 h5 39. gxh6 gxh6 40.
Nxa4 h5 41. Kd2 h4 42. Ke3 h3 43. Kf3 f6 44. Nc6 Bd3 45. Nc3 Kg7 46. Kg3 fxe5
47. Nxe5 Bf5 48. Nb5 Kf6 49. Nd6 Kg5 50. Nf3+ Kf6 51. Nxf5 Kxf5 52. Kxh3 Kf4
53. Kg2 Kg4 54. Ne5+ Kf4 55. Nc6 Kg4 56. f3+ Kg5 57. Kg3 Kf5 58. Kf2 Kg5 59.
Ke3 Kf5 60. Nd8 e5 61. dxe5 Kxe5 62. Nc6+ Kf5 63. Nd4+ Kg5 64. Nb3 Kf5 65. Kd4
Ke6 66. Nd2 Kd6 67. Nf1 Ke6 68. Ne3 1-0

[Event "Mitropa Cup 29th"]
[Site "Chur"]
[Date "2010.05.29"]
[Round "1"]
[White "Baumegger, Siegfried"]
[Black "Rombaldoni, Denis"]
[Result "1/2-1/2"]
[WhiteElo "2414"]
[BlackElo "2484"]
[PlyCount "49"]
[EventDate "2010.05.29"]
[EventType "team-tourn"]
[EventRounds "9"]
[EventCountry "SUI"]
[Source "ChessBase"]
[SourceDate "2010.07.02"]
[WhiteTeam "Austria"]
[BlackTeam "Italy"]
[WhiteTeamCountry "AUT"]
[BlackTeamCountry "ITA"]

1. d4 d5 2. c4 c6 3. e3 Nf6 4. Nc3 a6 5. Nf3 b5 6. c5 Nbd7 7. a3 Qc7 8. b4 e5
9. dxe5 Nxe5 10. Nxe5 Qxe5 11. Bb2 Be7 12. Na4 Qe4 13. Nb6 Rb8 14. Nxc8 Rxc8
15. Qd4 O-O 16. Bd3 Qxg2 17. O-O-O Qh3 18. Rdg1 Qh6 19. Rg3 Nh5 20. Rh3 Bf6 21.
Qxf6 Qxf6 22. Rxh5 Qf3 23. Bxh7+ Kh8 24. Bg6+ Kg8 25. Bh7+ 1/2-1/2